000 00320cam a2200121ua 4500
082 _a603
_bCRI/DI
100 _aCrispin, Frederick Swing C.E
_91490
245 _aDictionary of Technical Terms /
250 _a11 /
260 _aNew Delhi :
_bOxford & IBH Publishing company ,
_c1970.
300 _a455 ; .
942 _cREF
999 _c9213
_d9213